000 00703nam a2200265Ia 4500
003 OSt
005 20220918190843.0
006 a|||||r|||| 00| 0
007 ta
008 220917b |||||||| |||| 00| 0 eng d
024 _a60,157
037 _cTextual
040 _aARTS
_cARTS
_beng
041 _2eng
_aeng
082 _aQ4, F3;L0
100 _aStcherbatsky Th
_925099
245 0 _aCentral conception of Buddhism and the meaning of the word Dharma
250 _a4th
260 _aDelhi
_bIndological Book
_c1970
300 _a99p.
_ccm.
500 _aAppendix 64-79p
650 _aRELIGION
942 _hQ4, F3;L0
_cTEXL
_2CC
999 _c187117
_d187117